00581nam a2200181Ia 4500003000400000008004100004040001600045082001800061100001700079245008900096260005300185300000900238650001200247650001300259942001200272999001700284952009800301GCL140319s9999 xx 000 0 eng d aGCL / cGCL04a621.3192bF P1 aUEDA, MAKOTO10aPRINCIPLES OF ELECTRICES CIRCUITS: ELECTRON AND LOW VERSION, 3rd es / cUEDA, MAKOTO a[S.N] : bMacmillan Publishing Company ، c1992 a42 P04aSCIENCE04aELECTRON 2ddccBK c17770d17770 00104070aCAIbCAId2014-03-26l0o621.3192\F Pp32081r2014-03-26 00:00:00w2014-03-26yBK